[Event "Titled Tuesday intern op 04th Jan"]
[Site "Chess.com INT"]
[Date "2022.01.04"]
[Round "7"]
[White "Yushko, Olga"]
[Black "Sysoenko, Aleksey"]
[Result "0-1"]
[WhiteElo "2064"]
[BlackElo "2302"]
[PlyCount "60"]
[EventDate "2022.01.04"]
[EventType "swiss (blitz)"]
[EventRounds "11"]
[EventCountry "USA"]
[SourceTitle "EXT 2023"]
[Source "ChessBase"]
[SourceDate "2022.10.05"]
[SourceVersion "1"]
[SourceVersionDate "2022.10.05"]
[SourceQuality "1"]

1. d4 g6 2. Nf3 Bg7 3. c4 c5 4. d5 d6 5. e4 Nf6 6. Bd3 0-0 7. 0-0 e6 8. Nc3 exd5 9. exd5 Bg4 10. Bf4 a6 11. Re1 Nh5 12. Bg3 Nxg3 13. hxg3 Nd7 14. Qc2 Bxf3 15. gxf3 Ne5 16. f4 Nf3+ 17. Kg2 Nxe1+ 18. Rxe1 Re8 19. Rd1 f5 20. a3 Rb8 21. b4 Bd4 22. bxc5 Bxc5 23. Qb3 Qb6 24. Qa2 Qa5 25. Qc2 Qxa3 26. g4 b5 27. gxf5 bxc4 28. Bxc4 Rb2 29. Qd3 Rxf2+ 30. Kh1 Re3 0-1

[Event "Titled Tuesday intern op 16th Nov"]
[Site "Chess.com INT"]
[Date "2021.11.16"]
[Round "6"]
[White "Fajdetic, Hrvoje"]
[Black "Sysoenko, Aleksey"]
[Result "1-0"]
[WhiteElo "2151"]
[BlackElo "2302"]
[PlyCount "115"]
[EventDate "2021.11.16"]
[EventType "swiss (blitz)"]
[EventRounds "11"]
[EventCountry "USA"]
[SourceTitle "CBM 205 Extra"]
[Source "ChessBase"]
[SourceDate "2022.01.31"]
[SourceVersion "1"]
[SourceVersionDate "2022.01.31"]
[SourceQuality "1"]

1. d4 g6 2. h4 h5 3. Nc3 d5 4. Bf4 Nf6 5. e3 Bg7 6. f3 0-0 7. Qd2 Nc6 8. 0-0-0 a6 9. Nh3 Bxh3 10. Rxh3 b5 11. g4 b4 12. Na4 hxg4 13. fxg4 Nxg4 14. h5 e5 15. dxe5 Ncxe5 16. Qxd5 Qxd5 17. Rxd5 Rad8 18. Bg2 Rxd5 19. Bxd5 Nf6 20. Bxe5 Nxd5 21. Bxg7 Kxg7 22. hxg6 fxg6 23. Nc5 Rf1+ 24. Kd2 Rf2+ 25. Kc1 g5 26. a3 a5 27. axb4 axb4 28. Nd3 Rf1+ 29. Kd2 Nf6 30. Nxb4 Kg6 31. Ke2 Rg1 32. Rh2 g4 33. Nd3 Ne4 34. Nf4+ Kg5 35. Ne6+ Kf6 36. Nf4 Ng3+ 37. Kf2 Rf1+ 38. Kxg3 Rf3+ 39. Kxg4 Rf1 40. Rh7 c6 41. Rc7 Rg1+ 42. Kf3 Ke5 43. Rxc6 Rf1+ 44. Ke2 Rb1 45. b4 Rb2 46. Rc4 Kd6 47. Kd3 Rb1 48. c3 Rd1+ 49. Ke4 Rh1 50. Rd4+ Kc6 51. c4 Rb1 52. b5+ Kc5 53. Ne6+ Kb6 54. Rd6+ Kb7 55. Kd5 Kc8 56. c5 Rd1+ 57. Kc6 Ra1 58. Rd8# 1-0

[Event "Titled Tuesday intern op 16th Nov"]
[Site "Chess.com INT"]
[Date "2021.11.16"]
[Round "10"]
[White "Rengifo Blancas, Renzo Jhonathan"]
[Black "Sysoenko, Aleksey"]
[Result "1-0"]
[WhiteElo "2131"]
[BlackElo "2302"]
[PlyCount "57"]
[EventDate "2021.11.16"]
[EventType "swiss (blitz)"]
[EventRounds "11"]
[EventCountry "USA"]
[SourceTitle "CBM 205 Extra"]
[Source "ChessBase"]
[SourceDate "2022.01.31"]
[SourceVersion "1"]
[SourceVersionDate "2022.01.31"]
[SourceQuality "1"]

1. e4 g6 2. d4 Bg7 3. c4 d6 4. Nc3 Nc6 5. Be3 e5 6. Nge2 exd4 7. Nxd4 Nge7 8. Be2 0-0 9. 0-0 a6 10. Qd2 f5 11. exf5 Bxd4 12. Bxd4 Nxf5 13. Be3 Nxe3 14. Qxe3 Re8 15. Qd2 Be6 16. Nd5 Bxd5 17. cxd5 Ne5 18. Rac1 Re7 19. f4 Nf7 20. Bg4 c6 21. Be6 Qb6+ 22. Kh1 Rd8 23. f5 Rxe6 24. dxe6 Ne5 25. f6 Qc7 26. Qg5 Rf8 27. f7+ Kg7 28. Qf6+ Kh6 29. Rc3 1-0

[Event "Titled Tuesday intern op 16th Nov"]
[Site "Chess.com INT"]
[Date "2021.11.16"]
[Round "11"]
[White "Sysoenko, Aleksey"]
[Black "Rosenberg, Evan"]
[Result "0-1"]
[WhiteElo "2302"]
[BlackElo "2099"]
[PlyCount "72"]
[EventDate "2021.11.16"]
[EventType "swiss (blitz)"]
[EventRounds "11"]
[EventCountry "USA"]
[SourceTitle "CBM 205 Extra"]
[Source "ChessBase"]
[SourceDate "2022.01.31"]
[SourceVersion "1"]
[SourceVersionDate "2022.01.31"]
[SourceQuality "1"]

1. g3 e5 2. d3 Nc6 3. Bg2 f5 4. Nc3 d6 5. f4 Nf6 6. Nf3 Be7 7. 0-0 0-0 8. e4 fxe4 9. dxe4 exf4 10. gxf4 Bg4 11. Qd3 Qd7 12. Be3 Kh8 13. Rae1 Rae8 14. a3 Bh3 15. Rf2 Qg4 16. Qe2 Nh5 17. Nd5 Bd8 18. Kh1 Rxe4 19. Ng1 Bxg2+ 20. Rxg2 Qxe2 21. Rgxe2 Rfe8 22. Bd2 Rxe2 23. Rxe2 Rxe2 24. Nxe2 Nf6 25. Nxf6 Bxf6 26. c3 Na5 27. Kg2 Nc4 28. Bc1 a5 29. Kf3 a4 30. Ke4 c6 31. Kf5 Kg8 32. Ke6 Kf8 33. Kd7 d5 34. Kc7 c5 35. Kxb7 d4 36. cxd4 cxd4 0-1

[Event "Donetsk Masters 1st"]
[Site "Donetsk"]
[Date "2011.02.28"]
[Round "6"]
[White "Sysoenko, Aleksey"]
[Black "Mamedov, Ruslan"]
[Result "1/2-1/2"]
[WhiteElo "2231"]
[BlackElo "2218"]
[PlyCount "95"]
[EventDate "2011.02.25"]
[EventType "tourn (rapid)"]
[EventRounds "13"]
[EventCountry "UKR"]
[EventCategory "1"]
[SourceTitle "CBM 141 Extra"]
[Source "ChessBase"]
[SourceDate "2011.05.03"]
[SourceVersion "1"]
[SourceVersionDate "2011.05.03"]
[SourceQuality "1"]

1. d4 Nf6 2. Nf3 b6 3. e3 Bb7 4. Bd3 e6 5. 0-0 d5 6. b3 Bd6 7. Bb2 Nbd7 8. c4 0-0 9. Nbd2 c6 10. Rc1 Re8 11. Qe2 e5 12. cxd5 cxd5 13. dxe5 Nxe5 14. Nxe5 Bxe5 15. Bxe5 Rxe5 16. Nf3 Re7 17. Nd4 Rc8 18. Bf5 Rxc1 19. Rxc1 Rc7 20. Rxc7 Qxc7 21. h3 Bc8 22. Qc2 Qxc2 23. Bxc2 Bd7 24. Kf1 Kf8 25. Ke2 Ke7 26. Nf5+ Bxf5 27. Bxf5 Kd6 28. a3 a5 29. Kd2 h6 30. Kc3 Ke5 31. Bd3 Ne8 32. b4 axb4+ 33. Kxb4 Nc7 34. f4+ Kd6 35. Bf5 Kc6 36. Bd3 f6 37. Be2 Kd6 38. Bf3 Kc6 39. Be2 Kd6 40. Bb5 Ne6 41. g3 Nc7 42. a4 Ne6 43. Ba6 Nc7 44. Bb7 Ke6 45. a5 bxa5+ 46. Kxa5 Kd6 47. Kb4 g5 48. Bc8 1/2-1/2

[Event "Alushta Summer 3rd"]
[Site "Alushta"]
[Date "2010.??.??"]
[Round "4"]
[White "Sysoenko, Aleksey"]
[Black "Yandemirov, Valeri"]
[Result "1/2-1/2"]
[WhiteElo "2266"]
[BlackElo "2467"]
[PlyCount "45"]
[EventDate "2010.06.15"]
[EventType "tourn"]
[EventRounds "14"]
[EventCountry "UKR"]
[EventCategory "5"]
[SourceTitle "CBM 137 Extra"]
[Source "ChessBase"]
[SourceDate "2010.09.01"]
[SourceVersion "1"]
[SourceVersionDate "2010.09.01"]
[SourceQuality "1"]

1. Nf3 Nf6 2. b3 g6 3. Bb2 Bg7 4. c4 0-0 5. g3 c6 6. Bg2 d5 7. 0-0 Bf5 8. d3 Qd7 9. Nbd2 Bh3 10. b4 Bxg2 11. Kxg2 a5 12. cxd5 axb4 13. dxc6 Nxc6 14. Nc4 Ra6 15. Nce5 Nxe5 16. Nxe5 Qe6 17. Qb3 Rfa8 18. Nc4 b5 19. Ne3 Rxa2 20. Qxb4 Nd5 21. Nxd5 Qxd5+ 22. e4 Qxd3 23. Rfd1 1/2-1/2

[Event "Donetsk Kots Memorial"]
[Site "Donetsk"]
[Date "2008.01.22"]
[Round "5"]
[White "Sysoenko, Aleksey"]
[Black "Demkovich, Anatoliy"]
[Result "1-0"]
[WhiteElo "2256"]
[BlackElo "2381"]
[PlyCount "51"]
[EventDate "2008.01.18"]
[EventType "tourn"]
[EventRounds "13"]
[EventCountry "UKR"]
[EventCategory "1"]
[SourceTitle "CBM 122 Extra"]
[Source "ChessBase"]
[SourceDate "2008.03.04"]
[SourceVersion "1"]
[SourceVersionDate "2008.03.04"]
[SourceQuality "1"]

1. e4 g6 2. d4 Bg7 3. Nc3 d6 4. f4 c6 5. Nf3 Bg4 6. Be3 Qb6 7. Qd2 Qxb2 8. Rb1 Qa3 9. Rxb7 Nf6 10. Be2 0-0 11. 0-0 Bc8 12. Rb3 Qa5 13. h3 Qc7 14. Qe1 Nbd7 15. Qh4 Nb6 16. f5 gxf5 17. Bh6 Ne8 18. Bxg7 Kxg7 19. Ng5 Rh8 20. Nb5 Qd7 21. Rg3 h6 22. Rxf5 Kf8 23. Rxf7+ Kg8 24. Ne6+ Kxf7 25. Qh5+ Kxe6 26. Qf5# 1-0

[Event "UKR-ch sf"]
[Site "Alushta"]
[Date "2006.05.20"]
[Round "8"]
[White "Sysoenko, Aleksey"]
[Black "Romanova, Mariya"]
[Result "1-0"]
[WhiteElo "2253"]
[BlackElo "2043"]
[PlyCount "77"]
[EventDate "2006.05.13"]
[EventType "swiss"]
[EventRounds "9"]
[EventCountry "UKR"]
[SourceTitle "CBM 112 Extra"]
[Source "ChessBase"]
[SourceDate "2006.07.14"]
[SourceVersion "1"]
[SourceVersionDate "2006.07.14"]
[SourceQuality "1"]

1. d4 d5 2. Nf3 Nf6 3. c4 e6 4. Nc3 c6 5. Bg5 Be7 6. e3 0-0 7. Bd3 Nbd7 8. 0-0 dxc4 9. Bxc4 Nd5 10. Bxe7 Qxe7 11. Rc1 Rd8 12. Qe2 Nxc3 13. Rxc3 e5 14. dxe5 Nxe5 15. Nxe5 Qxe5 16. f4 Qe7 17. f5 Qf6 18. e4 Re8 19. Re3 Re5 20. Rd1 b5 21. Bb3 a5 22. Qd2 Ba6 23. Qxa5 c5 24. Bd5 Bb7 25. Qxb5 Bxd5 26. Rxd5 Rxd5 27. exd5 Qd4 28. Qd3 Kf8 29. Qxd4 cxd4 30. Ra3 Rb8 31. Rb3 Rc8 32. Kf2 Rc2+ 33. Kf3 Ke7 34. a4 Kd6 35. a5 Kxd5 36. a6 Rc8 37. a7 Ra8 38. Ra3 Kc4 39. Ke2 1-0

[Event "UKR-ch sf"]
[Site "Alushta"]
[Date "2006.05.19"]
[Round "7"]
[White "Dovzik, Juri"]
[Black "Sysoenko, Aleksey"]
[Result "1-0"]
[WhiteElo "2425"]
[BlackElo "2253"]
[PlyCount "101"]
[EventDate "2006.05.13"]
[EventType "swiss"]
[EventRounds "9"]
[EventCountry "UKR"]
[SourceTitle "CBM 112 Extra"]
[Source "ChessBase"]
[SourceDate "2006.07.14"]
[SourceVersion "1"]
[SourceVersionDate "2006.07.14"]
[SourceQuality "1"]

1. c4 c5 2. Nf3 Nc6 3. Nc3 g6 4. d4 cxd4 5. Nxd4 Bg7 6. e3 Nf6 7. Be2 0-0 8. 0-0 d5 9. Nxc6 bxc6 10. Qa4 Bd7 11. Rd1 e5 12. Qa6 d4 13. exd4 exd4 14. Rxd4 Nd5 15. Rd1 Nxc3 16. bxc3 Bxc3 17. Rb1 Qe8 18. Be3 Bf5 19. Rb3 Bg7 20. Re1 Qc8 21. Qxc8 Raxc8 22. Bf3 Be6 23. Rc1 Rfd8 24. Bxa7 Rd2 25. Be3 Rxa2 26. Rb6 Ra1 27. Rxa1 Bxa1 28. c5 Bd7 29. h4 h5 30. Bf4 Bf6 31. g3 Kf8 32. Rb7 Be6 33. Bd6+ Ke8 34. Kf1 Bd7 35. Ra7 Be6 36. Be4 Bc4+ 37. Ke1 Be6 38. Kd2 Bc4 39. Ke3 Bb5 40. f4 Bc4 41. f5 g5 42. hxg5 Bxg5+ 43. Kd4 Bb3 44. Kc3 Bd1 45. Bd3 h4 46. Bc4 Bh5 47. g4 Bf6+ 48. Kd3 Bxg4 49. Bxf7+ Kd8 50. Be6 h3 51. Rf7 1-0

[Event "Evpatoria tt U20"]
[Site "Evpatoria"]
[Date "2006.05.08"]
[Round "7"]
[White "Sysoenko, Aleksey"]
[Black "Soldatov, Roman"]
[Result "1/2-1/2"]
[WhiteElo "2253"]
[BlackElo "2271"]
[PlyCount "107"]
[EventDate "2006.05.05"]
[EventType "team"]
[EventRounds "7"]
[EventCountry "UKR"]
[SourceTitle "CBM 112 Extra"]
[Source "ChessBase"]
[SourceDate "2006.07.14"]
[SourceVersion "1"]
[SourceVersionDate "2006.07.14"]
[SourceQuality "1"]

1. Nf3 d5 2. d4 Nf6 3. c4 c6 4. Nc3 a6 5. Qc2 e6 6. e4 dxe4 7. Nxe4 Nxe4 8. Qxe4 Bb4+ 9. Bd2 Bxd2+ 10. Nxd2 Nd7 11. Be2 0-0 12. 0-0 c5 13. dxc5 Nxc5 14. Qe3 a5 15. Rfd1 Qc7 16. Nf3 b6 17. Qe5 Qxe5 18. Nxe5 f6 19. Nc6 Bb7 20. Rd6 Bxc6 21. Rxc6 Rab8 22. Rd1 Rfc8 23. Rdd6 Rxc6 24. Rxc6 f5 25. f4 Kf7 26. Kf2 Ke7 27. Rc7+ Nd7 28. Bf3 Kd6 29. Rc6+ Ke7 30. Ke3 Rd8 31. b3 g6 32. a3 Nc5 33. b4 axb4 34. axb4 Nd7 35. c5 bxc5 36. bxc5 Rb8 37. Rc7 Kd8 38. Ra7 Nxc5 39. Rxh7 Nd7 40. Bc6 Nf6 41. Rf7 Ng4+ 42. Kd4 Rb4+ 43. Kc5 Rxf4 44. Kd6 Rd4+ 45. Kxe6 Rd2 46. Rg7 Re2+ 47. Kd6 Rd2+ 48. Bd5 Nf6 49. Rxg6 Rxd5+ 50. Ke6 Nh5 51. Rg8+ Kc7 52. Kxd5 Nf6+ 53. Ke6 Nxg8 54. h3 1/2-1/2

[Event "Evpatoria tt U20"]
[Site "Evpatoria"]
[Date "2006.05.07"]
[Round "6"]
[White "Andrejchuk, Viktor"]
[Black "Sysoenko, Aleksey"]
[Result "0-1"]
[WhiteElo "2199"]
[BlackElo "2253"]
[PlyCount "84"]
[EventDate "2006.05.05"]
[EventType "team"]
[EventRounds "7"]
[EventCountry "UKR"]
[SourceTitle "CBM 112 Extra"]
[Source "ChessBase"]
[SourceDate "2006.07.14"]
[SourceVersion "1"]
[SourceVersionDate "2006.07.14"]
[SourceQuality "1"]

1. e4 g6 2. d4 Bg7 3. Nf3 d6 4. Nc3 Nf6 5. h3 0-0 6. Be2 Nc6 7. 0-0 e5 8. Bg5 exd4 9. Nxd4 Nxd4 10. Qxd4 Nxe4 11. Bxd8 Bxd4 12. Bxc7 Bxc3 13. bxc3 Nxc3 14. Bd3 d5 15. Rfe1 Be6 16. Be5 Rfc8 17. a4 a5 18. f3 Bd7 19. Bxc3 Rxc3 20. Re7 Rd8 21. Re5 Be8 22. Re7 Bc6 23. Kf2 d4 24. Re5 Rd5 25. Rxd5 Bxd5 26. Ke2 Kf8 27. Kd2 Ke7 28. Rb1 Kd6 29. Rb5 Rc5 30. Rb1 Bc6 31. Be4 Rc4 32. Bxc6 Kxc6 33. Re1 Rxa4 34. Re7 Rb4 35. Rxf7 a4 36. Rf8 Rb6 37. Re8 a3 38. Re1 Ra6 39. Kd3 Kd5 40. c4+ Kc5 41. Re5+ Kd6 42. Re1 a2 0-1

[Event "Evpatoria tt U20"]
[Site "Evpatoria"]
[Date "2006.05.05"]
[Round "1"]
[White "Sysoenko, Aleksey"]
[Black "Zinchenko, Yaroslav"]
[Result "1-0"]
[WhiteElo "2253"]
[BlackElo "2499"]
[PlyCount "91"]
[EventDate "2006.05.05"]
[EventType "team"]
[EventRounds "7"]
[EventCountry "UKR"]
[SourceTitle "CBM 112 Extra"]
[Source "ChessBase"]
[SourceDate "2006.07.14"]
[SourceVersion "1"]
[SourceVersionDate "2006.07.14"]
[SourceQuality "1"]

1. d4 d5 2. c4 e6 3. Nf3 c6 4. Nbd2 f5 5. e3 Nf6 6. Bd3 Bd6 7. b3 Qe7 8. Bb2 0-0 9. 0-0 b6 10. Qe2 Bb7 11. Rfd1 Nbd7 12. Ne5 Ne4 13. Nf1 Nxe5 14. dxe5 Bc5 15. f3 Ng5 16. Bd4 Ba3 17. Ng3 Rad8 18. Nh5 Nf7 19. f4 dxc4 20. Bxc4 b5 21. Bd3 a6 22. Bb6 Rd7 23. e4 Nh6 24. exf5 exf5 25. h3 c5 26. Ba5 Qe6 27. Bc3 Rfd8 28. Rab1 Bd5 29. Bc2 Kf8 30. Kh2 Rf7 31. Qf2 Rc8 32. Qh4 Ng8 33. Ng3 g6 34. Nf1 Rd7 35. Ne3 Qe7 36. Qg3 Rcd8 37. Ba5 Bc6 38. Bxd8 Qxd8 39. Rxd7 Qxd7 40. Rd1 Qe7 41. Bxf5 gxf5 42. Nxf5 Qc7 43. Rd8+ Qxd8 44. Qg7+ Ke8 45. Nd6+ Qxd6 46. exd6 1-0

[Event "UKR-ch U20"]
[Site "Lvov"]
[Date "2006.02.09"]
[Round "8"]
[White "Grekh, Andrey"]
[Black "Sysoenko, Aleksey"]
[Result "1/2-1/2"]
[WhiteElo "2394"]
[BlackElo "2214"]
[PlyCount "125"]
[EventDate "2006.02.02"]
[EventType "tourn"]
[EventRounds "11"]
[EventCountry "UKR"]
[EventCategory "6"]
[SourceTitle "CBM 110 Extra"]
[Source "ChessBase"]
[SourceDate "2006.03.10"]
[SourceVersion "2"]
[SourceVersionDate "2006.03.10"]
[SourceQuality "1"]

1. e4 d6 2. d4 Nf6 3. Nc3 g6 4. g3 Bg7 5. Bg2 Nc6 6. Nge2 e5 7. d5 Ne7 8. h3 0-0 9. g4 c6 10. g5 Nh5 11. Bf3 f5 12. Bxh5 gxh5 13. Ng3 h4 14. Nh5 Ng6 15. exf5 Bxf5 16. Be3 c5 17. Qd2 Qd7 18. 0-0-0 b5 19. f3 b4 20. Ne4 Bxe4 21. fxe4 Rf3 22. Qe2 Rf7 23. Qg2 Raf8 24. Rdf1 c4 25. Nf6+ Bxf6 26. Rxf6 Rxf6 27. gxf6 Rxf6 28. Bg5 Rf8 29. Bxh4 Qf7 30. Be1 a5 31. Rg1 Qf4+ 32. Bd2 Qf3 33. Bh6 Qxg2 34. Rxg2 Rf3 35. h4 Rh3 36. Bg5 Kf7 37. Rf2+ Kg7 38. Rg2 h5 39. Bd8 a4 40. Be7 c3 41. Rg1 Kf7 42. Bxd6 Rxh4 43. Bxb4 cxb2+ 44. Kxb2 Rxe4 45. a3 h4 46. d6 Nf8 47. Kc3 h3 48. Rh1 Rh4 49. Kd3 Ke6 50. c4 Kd7 51. c5 Ne6 52. Ke3 Kc6 53. Kf3 Rd4 54. Kg3 Rd5 55. Rc1 Nf4 56. Kh2 e4 57. Rf1 Ne6 58. Kxh3 Nxc5 59. Rc1 Kxd6 60. Kg4 Kc6 61. Kf4 Kb5 62. Rxc5+ Rxc5 63. Bxc5 1/2-1/2

[Event "UKR-ch U20"]
[Site "Lvov"]
[Date "2006.02.02"]
[Round "1"]
[White "Sysoenko, Aleksey"]
[Black "Oleksienko, Mikhailo"]
[Result "1/2-1/2"]
[WhiteElo "2214"]
[BlackElo "2509"]
[PlyCount "75"]
[EventDate "2006.02.02"]
[EventType "tourn"]
[EventRounds "11"]
[EventCountry "UKR"]
[EventCategory "6"]
[SourceTitle "CBM 110 Extra"]
[Source "ChessBase"]
[SourceDate "2006.03.10"]
[SourceVersion "2"]
[SourceVersionDate "2006.03.10"]
[SourceQuality "1"]

1. c4 Nf6 2. Nc3 c5 3. Nf3 Nc6 4. e3 e6 5. d4 cxd4 6. exd4 d5 7. a3 Be7 8. c5 Ne4 9. Qc2 f5 10. Bb5 0-0 11. 0-0 Qc7 12. b4 Bf6 13. Rd1 Bd7 14. Bxc6 bxc6 15. Ne2 Qb7 16. Ne5 h6 17. Nf4 Bxe5 18. dxe5 a5 19. f3 Ng5 20. bxa5 Nf7 21. Nd3 Rxa5 22. a4 Qc7 23. Bd2 Ra7 24. Rab1 Rfa8 25. a5 Nd8 26. Qb2 Bc8 27. Ra1 Ba6 28. Nb4 Nb7 29. Ra3 Nxa5 30. Nxa6 Rxa6 31. Qa2 Qa7 32. Ra1 Qxc5+ 33. Kh1 Qb5 34. h3 c5 35. Rxa5 Rxa5 36. Bxa5 c4 37. Qd2 Kh7 38. f4 1/2-1/2